Vývoj ostravské aglomerace a územní plánování.
Popis územného vývoja Ostravska od r. 1763 po súčasnosť. Rozbory a hodnotenia minulých plánovacích dokumentov a súčasná orientácia územného plánovania pre ostravskú aglomeráciu. Odporúčania na riešenie aktuálnych problémov a zdôvodnenia poňatia a koncepcie doterajšej územno-plánovacej dokumentácie....
Uložené v:
| Hlavný autor: | |
|---|---|
| Médium: | Kapitola |
| Jazyk: | Czech |
| Predmet: | |
| Tagy: |
Žiadne tagy, Buďte prvý, kto otaguje tento záznam!
|
MARC
| LEADER | 00000naa a2200000 4500 | ||
|---|---|---|---|
| 001 | r008236 | ||
| 005 | 20220831091040.4 | ||
| 041 | 0 | |a cze | |
| 044 | |a [CS] | ||
| 245 | 1 | 0 | |a Vývoj ostravské aglomerace a územní plánování. |c M. Charvát |
| 520 | |a Popis územného vývoja Ostravska od r. 1763 po súčasnosť. Rozbory a hodnotenia minulých plánovacích dokumentov a súčasná orientácia územného plánovania pre ostravskú aglomeráciu. Odporúčania na riešenie aktuálnych problémov a zdôvodnenia poňatia a koncepcie doterajšej územno-plánovacej dokumentácie. Prekážky autorizácie územných plánov. | ||
| 610 | 2 | 0 | |a Čechy |
| 610 | 2 | 0 | |a plánovanie územné |
| 610 | 2 | 0 | |a aglomerácie mestské |
| 610 | 2 | 0 | |a Ostrava |
| 610 | 2 | 0 | |a dokumentácia |
| 100 | 1 | |a Charvát, M. | |